LDR 01013naa#a2200169#i#450# 001 RU\\bibl\20048 005 20260701124146.3 100 ## _a20260630b2026####ek#y0rusy0150####ca 102 ## _aRU 200 1# _aСРАВНИТЕЛЬНЫЙ АНАЛИЗ СОВРЕМЕННЫХ БИБЛИОТЕК И ФРЕЙМВОРКОВ МАШИННОГО ОБУЧЕНИЯ _eСтатья/тезисы конференции 210 1# _aВоронеж _cВоронежский государственный лесотехнический университет имени Г.Ф. Морозова _d2026 215 ## _a4 с. 608 ## _aСтатья/тезисы конференции _2local 675 ## _aПрикладные системы искусственного интеллекта. Интеллектуальные системы, обладающие знаниями. 004.89 _z 700 #1 _aАникеев _gЕвгений Александрович 700 #1 _aАкименко _gАндрей Владимирович 856 4# _abibl.vgltu.ru _u